Dancing queen - ABBA - Statistiques

Statistiques générales
  • Ce quiz a été pris 461 fois
  • Le résultat moyen est 153 sur 213
Statistiques - réponses
Hint Réponse % Correct
You
98%
you
98%
dancing
96%
Dancing
96%
| . queen
96%
the
94%
a
93%
dance
92%
can
90%
of
90%
your
90%
life
89%
time
89%
that
86%
and
84%
And
84%
girl
84%
see
84%
are
82%
Watch
82%
Having
80%
on
80%
oh
78%
seventeen
77%
Only
75%
be
74%
jive
73%
young
73%
Young
73%
scene
72%
sweet
70%
to
70%
music
69%
for
67%
go
66%
Feel
65%
in
64%
when
61%
yeah
61%
look
59%
night
59%
Night
59%
place
59%
chance
58%
from
57%
is
57%
beat
56%
Digging
56%
get
56%
low
55%
Looking
52%
tambourine
52%
lights
51%
guy
49%
Friday
47%
could
44%
high
44%
mood
44%
out
43%
You're
42%
you're
42%
do
39%
Ooh
39%
Anybody
38%
right
38%
Everything
36%
Where
36%
another
35%
play
34%
they
34%
fine
32%
rock
32%
music's
31%
come
30%
king
30%
Anyone
29%
swing
29%
then
29%
turn
29%
bit
28%
will
27%
gone
24%
With
23%
Getting
20%
teaser
19%
'em
17%
Leave
17%
burning
15%
Aucun quiz correspondant
Distribution des résultats
% des personnes avec chaque résultat
Percentile par nombre de réponses
Votre historique - résultats
Vous n’avez pas pris ce quiz